Italian Brainrot - Estadísticas

Estadísticas generales
  • Esta prueba ha sido intentada 113 veces
  • La puntuación promedio es 7 de 8
Estadísticas de respuestas
Imagen Respuesta % Correcto
Tralalero Tralala
99%
tung tung tung sahur
97%
Bombardiro Crocodilo
90%
ballerina capuchina
89%
brr brr patapim
85%
lirili larila
85%
Cappuccino assassino
72%
trulimero trulichina
70%
No se encontraron pruebas coincidentes
Distribución de puntuación
Porcentaje de gente con cada puntuación
Porcentaje por número respondido
Historial de tus puntuaciones
No has intentado esta prueba.